Letters. (Record no. 196265)
[ view plain ]
| 000 -LEADER | |
|---|---|
| fixed length control field | 01384nam a2200337 a 4500 |
| 100 0# - MAIN ENTRY--AUTHOR NAME | |
| Personal name | Augustine, |
| 245 10 - TITLE STATEMENT | |
| Title | Letters. |
| 260 ## - PUBLICATION, DISTRIBUTION, ETC. (IMPRINT) | |
| Place of publication | Baltimore, Md. : |
| Name of publisher | Catholic University of America Press, |
| Year of publication | 1956. |
| 300 ## - PHYSICAL DESCRIPTION | |
| Number of Pages | xvi, 317 p. |
| 490 1# - SERIES STATEMENT | |
| Series statement | The fathers of the church : a new translation ; |
| 700 1# - ADDED ENTRY--PERSONAL NAME | |
| Personal name | Parsons, Wilfrid, |
| 856 40 - ELECTRONIC LOCATION AND ACCESS | |
| Uniform Resource Identifier | http://site.ebrary.com/lib/rucke/Doc?id=10392324 |
No items available.
